[Event "CRO-chT (Women) 28th"]
[Site "Mali Losinj"]
[Date "2019.10.01"]
[Round "5.34"]
[White "Turk, Vesna"]
[Black "Blazeka, Ivana"]
[Result "1-0"]
[WhiteElo "1694"]
[BlackElo "1564"]
[PlyCount "127"]
[EventDate "2019.09.28"]
[EventType "team-tourn"]
[EventRounds "9"]
[EventCountry "CRO"]
[SourceTitle "EXT 2020"]
[Source "ChessBase"]
[SourceDate "2019.10.17"]
[SourceVersion "1"]
[SourceVersionDate "2019.10.17"]
[SourceQuality "1"]
[WhiteTeam "Sisak (W)"]
[BlackTeam "Zagreb Mladost (W)"]
[WhiteTeamCountry "CRO"]
[BlackTeamCountry "CRO"]

1. d4 d5 2. Nf3 Nf6 3. Bg5 e6 4. e3 Be7 5. c4 h6 6. Bh4 0-0 7. Nbd2 b6 8. Be2 dxc4 9. Bxc4 Bb7 10. 0-0 Nbd7 11. Rc1 c5 12. Qe2 cxd4 13. Nxd4 Nc5 14. Rfd1 Nfe4 15. Bxe7 Qxe7 16. Nxe4 Nxe4 17. Ba6 Bxa6 18. Qxa6 Nc5 19. Qa3 Qb7 20. Nb5 Qe7 21. h3 a6 22. Nd4 Qg5 23. Nf3 Qf6 24. Rd6 Rfb8 25. Qb4 a5 26. Qb5 a4 27. Rxb6 Rxb6 28. Qxb6 Nd3 29. Rc2 Qf5 30. Rd2 Qc5 31. Qxc5 Nxc5 32. Rd4 Rb8 33. Rd2 Ne4 34. Rc2 Kf8 35. Kf1 Ke7 36. Ne5 Ke8 37. Ke2 f6 38. Nd3 Kd7 39. Rc4 f5 40. Rxa4 Kd6 41. Rd4+ Ke7 42. a4 Ra8 43. Rb4 Kd6 44. b3 Nc3+ 45. Ke1 e5 46. Rb6+ Kc7 47. Rb4 Kd6 48. Rc4 Nd5 49. Nb4 Ne7 50. Kd2 Rb8 51. Kc2 Ra8 52. Nd3 Nd5 53. Kb2 Nb6 54. Rb4 Nd5 55. Rb7 g6 56. Nb4 Nc7 57. Rb6+ Kc5 58. Rc6+ Kxb4 59. Rxc7 Rd8 60. Rc4+ Ka5 61. Rc5+ Kb6 62. b4 Rd2+ 63. Rc2 Rd7 64. Kb3 1-0

[Event "CRO-chT (Women) 28th"]
[Site "Mali Losinj"]
[Date "2019.09.30"]
[Round "4.34"]
[White "Blazeka, Ivana"]
[Black "Alaber, Maja"]
[Result "1/2-1/2"]
[WhiteElo "1564"]
[BlackElo "1494"]
[PlyCount "90"]
[EventDate "2019.09.28"]
[EventType "team-tourn"]
[EventRounds "9"]
[EventCountry "CRO"]
[SourceTitle "EXT 2020"]
[Source "ChessBase"]
[SourceDate "2019.10.17"]
[SourceVersion "1"]
[SourceVersionDate "2019.10.17"]
[SourceQuality "1"]
[WhiteTeam "Zagreb Mladost (W)"]
[BlackTeam "Zagreb Ericsson Tesla (W)"]
[WhiteTeamCountry "CRO"]
[BlackTeamCountry "CRO"]

1. e4 c5 2. Nf3 e6 3. d4 Nf6 4. Nc3 d5 5. exd5 Nxd5 6. Nxd5 Qxd5 7. Be3 Nc6 8. dxc5 Qe4 9. Qd3 Qb4+ 10. Qc3 Qxc3+ 11. bxc3 g6 12. Bb5 Bg7 13. Bd4 f6 14. 0-0 0-0 15. Bc4 Kh8 16. Rfe1 e5 17. Be3 Bf5 18. Bb3 Rfe8 19. Rad1 Bf8 20. Rd5 a5 21. a4 Rec8 22. Nh4 Ne7 23. Rd6 Ng8 24. Rb6 Bxc5 25. Bxc5 Rxc5 26. Nxf5 gxf5 27. Rxb7 Rxc3 28. Rb6 Kg7 29. f3 f4 30. Re2 Nh6 31. Rd2 Rc7 32. Rdd6 Rf8 33. Ra6 Kg6 34. Rxa5 Nf5 35. Rd2 Nd4 36. Ra6 Rb8 37. Kf2 Nxb3 38. cxb3 Rxb3 39. a5 Ra3 40. Ke1 Rc5 41. Rdd6 Ra1+ 42. Ke2 Ra2+ 43. Kd1 Ra1+ 44. Kd2 Ra2+ 45. Kd1 Ra1+ 1/2-1/2

[Event "CRO-chT (Women) 27th"]
[Site "Biograd"]
[Date "2018.09.09"]
[Round "2.34"]
[White "Golub, Nikolina"]
[Black "Blazeka, Ivana"]
[Result "1-0"]
[WhiteElo "1839"]
[BlackElo "1610"]
[PlyCount "61"]
[EventDate "2018.09.08"]
[EventType "team-tourn"]
[EventRounds "9"]
[EventCountry "CRO"]
[SourceTitle "CBM 186 Extra"]
[Source "ChessBase"]
[SourceDate "2018.08.24"]
[SourceVersion "1"]
[SourceVersionDate "2018.08.24"]
[SourceQuality "1"]
[WhiteTeam "Rijeka Draga (W)"]
[BlackTeam "Zagreb Mladost (W)"]
[WhiteTeamCountry "CRO"]
[BlackTeamCountry "CRO"]

1. d4 d5 2. c4 e6 3. Nf3 Nf6 4. g3 Be7 5. Bg2 0-0 6. 0-0 Nbd7 7. Nbd2 b6 8. b3 Bb7 9. Bb2 c5 10. e3 Rc8 11. Qe2 Rc7 12. Rac1 dxc4 13. bxc4 Ne4 14. Nxe4 Bxe4 15. Rfd1 Qa8 16. Ne1 Bxg2 17. Nxg2 Nf6 18. Nf4 Rd8 19. d5 exd5 20. Bxf6 Bxf6 21. Nxd5 Rc6 22. Rd3 Re8 23. Rcd1 Kf8 24. Qf3 Qc8 25. Ra3 a5 26. Rb3 Bd8 27. Rbd3 Qe6 28. Nf4 Qf6 29. Rxd8 g5 30. Rxe8+ Kxe8 31. Qe4+ 1-0

[Event "CRO-chT (Women) 26th"]
[Site "Mali Losinj"]
[Date "2017.10.05"]
[Round "9.34"]
[White "Krajacic, Ivona"]
[Black "Blazeka, Ivana"]
[Result "0-1"]
[WhiteElo "1589"]
[BlackElo "1614"]
[PlyCount "81"]
[EventDate "2017.09.28"]
[EventType "team-tourn"]
[EventRounds "9"]
[EventCountry "CRO"]
[SourceTitle "EXT 2018"]
[Source "ChessBase"]
[SourceDate "2017.10.13"]
[SourceVersion "1"]
[SourceVersionDate "2017.10.13"]
[SourceQuality "1"]
[WhiteTeam "Ravna Gora Goranka (W)"]
[BlackTeam "Zagreb Mladost (W)"]
[WhiteTeamCountry "CRO"]
[BlackTeamCountry "CRO"]

1. d4 d5 2. Bf4 Bf5 3. Nf3 e6 4. e3 Bd6 5. Bg3 Nf6 6. Bd3 Ne4 7. Bxd6 cxd6 8. 0-0 0-0 9. Nbd2 a6 10. g3 Qf6 11. Nh4 Bh3 12. Ng2 Nxd2 13. Qxd2 Qf3 14. Nh4 Qf6 15. Rfe1 g5 16. Ng2 Nc6 17. c3 Qf3 18. Bf1 Qe4 19. Qd3 Bxg2 20. Qxe4 Bxe4 21. Be2 e5 22. Rad1 Rad8 23. Rd2 Bf5 24. Red1 Be6 25. a3 Rd7 26. Bf3 Rfd8 27. Be2 Na5 28. Bd3 Nc4 29. Bxc4 dxc4 30. d5 Bg4 31. Rc1 Rc8 32. Kg2 Re8 33. f3 Bf5 34. e4 Bg6 35. g4 h5 36. h3 f6 37. Re2 b5 38. Rcc2 Rb7 39. Re3 a5 40. Kg3 h4+ 41. Kf2 0-1

[Event "CRO-chT (Women) 26th"]
[Site "Mali Losinj"]
[Date "2017.10.01"]
[Round "5.44"]
[White "Blazeka, Ivana"]
[Black "Golub, Nikolina"]
[Result "0-1"]
[WhiteElo "1614"]
[BlackElo "1899"]
[PlyCount "64"]
[EventDate "2017.09.28"]
[EventType "team-tourn"]
[EventRounds "9"]
[EventCountry "CRO"]
[SourceTitle "EXT 2018"]
[Source "ChessBase"]
[SourceDate "2017.10.13"]
[SourceVersion "1"]
[SourceVersionDate "2017.10.13"]
[SourceQuality "1"]
[WhiteTeam "Zagreb Mladost (W)"]
[BlackTeam "Rijeka Draga (W)"]
[WhiteTeamCountry "CRO"]
[BlackTeamCountry "CRO"]

1. e4 c5 2. Nf3 e6 3. d4 cxd4 4. Nxd4 Nf6 5. e5 Qa5+ 6. Nc3 Qxe5+ 7. Be2 a6 8. a3 d5 9. g3 Qc7 10. f4 b5 11. Qd3 Nbd7 12. Nb3 Nb6 13. Bf3 Nc4 14. Qd4 Bb7 15. Rb1 Rc8 16. Be3 Nxa3 17. Rc1 Nc4 18. Nd1 a5 19. 0-0 a4 20. Nd2 Nxe3 21. Nxe3 Bc5 22. Qd3 Qb6 23. Rfe1 Ba6 24. Ndf1 b4 25. Qd2 0-0 26. Kg2 d4 27. Ng4 Nxg4 28. Bxg4 Bb7+ 29. Bf3 Bxf3+ 30. Kxf3 Qc6+ 31. Kg4 f5+ 32. Kh3 Rf6 0-1

[Event "CRO-chT (Women) 26th"]
[Site "Mali Losinj"]
[Date "2017.09.30"]
[Round "4.14"]
[White "Lijic, Kristina"]
[Black "Blazeka, Ivana"]
[Result "1/2-1/2"]
[WhiteElo "1717"]
[BlackElo "1614"]
[PlyCount "69"]
[EventDate "2017.09.28"]
[EventType "team-tourn"]
[EventRounds "9"]
[EventCountry "CRO"]
[SourceTitle "EXT 2018"]
[Source "ChessBase"]
[SourceDate "2017.10.13"]
[SourceVersion "1"]
[SourceVersionDate "2017.10.13"]
[SourceQuality "1"]
[WhiteTeam "Djakovo (W)"]
[BlackTeam "Zagreb Mladost (W)"]
[WhiteTeamCountry "CRO"]
[BlackTeamCountry "CRO"]

1. c4 e6 2. Nc3 Nf6 3. Nf3 d5 4. d4 b6 5. cxd5 exd5 6. Bg5 Bb7 7. Qa4+ Nbd7 8. Ne5 Be7 9. a3 0-0 10. Nc6 Bxc6 11. Qxc6 h6 12. Bf4 Rc8 13. Nxd5 Nxd5 14. Qxd5 c6 15. Qf3 Nf6 16. e3 Nd5 17. Bg3 b5 18. Bd3 Qa5+ 19. Ke2 Rfe8 20. Be4 Rcd8 21. Rac1 b4 22. axb4 Qxb4 23. Rc2 Bf6 24. Rb1 Bxd4 25. Rd1 Bxb2 26. Bxd5 Rxd5 27. Rxd5 cxd5 28. Qxd5 Ba3 29. Rc7 Re7 30. Qa8+ Kh7 31. Qxa7 Qb2+ 32. Kf3 Qf6+ 33. Ke2 Qb2+ 34. Kd3 Qb5+ 35. Kc2 1/2-1/2

[Event "CRO-chT (Women)"]
[Site "Bol"]
[Date "2014.10.09"]
[Round "6.4"]
[White "Posmuga, Suzana"]
[Black "Blazeka, Ivana"]
[Result "1/2-1/2"]
[WhiteElo "1628"]
[BlackElo "1616"]
[PlyCount "76"]
[EventDate "2014.10.04"]
[EventType "team-tourn"]
[EventRounds "7"]
[EventCountry "CRO"]
[SourceTitle "CBM 162 Extra"]
[Source "ChessBase"]
[SourceDate "2014.10.17"]
[SourceVersion "1"]
[SourceVersionDate "2014.10.17"]
[SourceQuality "1"]
[WhiteTeam "Vrbovsko Goran (W)"]
[BlackTeam "Busevec Polet (W)"]
[WhiteTeamCountry "CRO"]
[BlackTeamCountry "CRO"]

1. d4 d5 2. c4 e6 3. Nc3 Nf6 4. Nf3 Be7 5. Bg5 h6 6. Bh4 0-0 7. Qc2 Nbd7 8. e3 b6 9. cxd5 exd5 10. Bd3 Bb7 11. 0-0 Re8 12. Rfd1 Rc8 13. Bf5 c6 14. Ne5 Rc7 15. Bg3 Nxe5 16. Bxe5 Bd6 17. Bxd6 Qxd6 18. Rac1 Rce7 19. a3 Ne4 20. b4 Qf6 21. Bxe4 dxe4 22. d5 cxd5 23. Nxd5 Bxd5 24. Rxd5 Re5 25. Rxe5 Qxe5 26. Rd1 a5 27. Rd4 axb4 28. axb4 Re7 29. Qc6 Rc7 30. Qa8+ Kh7 31. g3 Re7 32. Qd5 Qxd5 33. Rxd5 Re6 34. b5 Kg6 35. Kf1 Kf6 36. Ke1 Re5 37. Rd6+ Re6 38. Rd5 Re5 1/2-1/2

[Event "CRO-chT (Women)"]
[Site "Bol"]
[Date "2014.10.06"]
[Round "3.2"]
[White "Kukic, Lora"]
[Black "Blazeka, Ivana"]
[Result "1-0"]
[WhiteElo "1855"]
[BlackElo "1616"]
[PlyCount "97"]
[EventDate "2014.10.04"]
[EventType "team-tourn"]
[EventRounds "7"]
[EventCountry "CRO"]
[SourceTitle "CBM 162 Extra"]
[Source "ChessBase"]
[SourceDate "2014.10.17"]
[SourceVersion "1"]
[SourceVersionDate "2014.10.17"]
[SourceQuality "1"]
[WhiteTeam "Rijeka Draga (W)"]
[BlackTeam "Busevec Polet (W)"]
[WhiteTeamCountry "CRO"]
[BlackTeamCountry "CRO"]

1. d4 d5 2. c4 e6 3. Nc3 Nf6 4. Bg5 Be7 5. e3 h6 6. Bh4 0-0 7. Nf3 Nbd7 8. Qc2 b6 9. cxd5 exd5 10. Bd3 c5 11. h3 Bb7 12. 0-0-0 Ne4 13. Bxe7 Qxe7 14. Kb1 Rac8 15. Bxe4 dxe4 16. Nd2 cxd4 17. exd4 e3 18. fxe3 Qxe3 19. Rhe1 Qg5 20. Nde4 Bxe4 21. Qxe4 Nf6 22. Qb7 Qf5+ 23. Ka1 Qd7 24. Qxd7 Nxd7 25. Re7 Rcd8 26. d5 Rfe8 27. Rxe8+ Rxe8 28. Kb1 f6 29. Kc2 Nc5 30. b4 Ne4 31. Nxe4 Rxe4 32. Kd3 Re7 33. Kc4 a6 34. d6 Rd7 35. Kd5 Kf7 36. Re1 Rd8 37. Re7+ Kf8 38. Kc6 Rc8+ 39. Kxb6 Rb8+ 40. Rb7 Rd8 41. Kc7 Ke8 42. Rb6 Rd7+ 43. Kc6 g5 44. Rxa6 h5 45. b5 g4 46. hxg4 hxg4 47. Ra8+ Rd8 48. d7+ Ke7 49. Rxd8 1-0

[Event "CRO-ch U19 Girls"]
[Site "Sveti Martin"]
[Date "2014.07.30"]
[Round "5"]
[White "Blazeka, Ivana"]
[Black "Kukic, Lora"]
[Result "0-1"]
[WhiteElo "1643"]
[BlackElo "1851"]
[PlyCount "88"]
[EventDate "2014.07.26"]
[EventType "tourn"]
[EventRounds "5"]
[EventCountry "CRO"]
[SourceTitle "EXT 2016"]
[Source "ChessBase"]
[SourceDate "2015.10.08"]
[SourceVersion "1"]
[SourceVersionDate "2015.10.08"]
[SourceQuality "1"]

1. e4 Nf6 2. e5 Nd5 3. Bc4 Nb6 4. Bb3 d5 5. exd6 Qxd6 6. Qf3 e6 7. Nc3 Nc6 8. d3 Nd4 9. Qg3 Qxg3 10. hxg3 a5 11. Be3 Nxb3 12. axb3 Bd7 13. Nf3 f6 14. Nd4 Bb4 15. 0-0 0-0 16. Ndb5 Bxb5 17. Nxb5 Nd5 18. c3 Nxe3 19. fxe3 Bd6 20. Nxd6 cxd6 21. Ra4 Ra6 22. Rc4 Rb6 23. b4 axb4 24. cxb4 d5 25. Rc3 Rxb4 26. b3 Rd8 27. Rf4 Rb6 28. Ra4 Kf8 29. Kf2 Ke7 30. Kf3 Kd6 31. b4 Rd7 32. d4 Rc6 33. Rc5 b6 34. Rb5 Rb7 35. Ra6 Kc7 36. Kf2 Rc4 37. Ke2 Kc6 38. Rc5+ Rxc5 39. bxc5 Kb5 40. Ra8 bxc5 41. dxc5 Kxc5 42. Rh8 h6 43. Re8 Kd6 44. Kf3 e5 0-1

[Event "CRO-ch U17 Girls"]
[Site "Vukovar"]
[Date "2013.07.26"]
[Round "7"]
[White "Blazeka, Ivana"]
[Black "Blazeka, Mihaela"]
[Result "1/2-1/2"]
[WhiteElo "1646"]
[BlackElo "1777"]
[PlyCount "33"]
[EventDate "2013.07.22"]
[EventType "swiss"]
[EventRounds "9"]
[EventCountry "CRO"]
[SourceTitle "EXT 2015"]
[Source "ChessBase"]
[SourceDate "2014.11.20"]
[SourceVersion "1"]
[SourceVersionDate "2014.11.20"]
[SourceQuality "1"]

1. e4 e5 2. Nf3 Nc6 3. Bc4 Bc5 4. c3 Nf6 5. d3 d6 6. Bb3 0-0 7. 0-0 a6 8. Nbd2 Ba7 9. Re1 Be6 10. Bc2 Ng4 11. Re2 f5 12. h3 Nh6 13. exf5 Nxf5 14. Ne4 h6 15. Ng3 Qf6 16. Ne4 Qf7 17. Be3 1/2-1/2

[Event "CRO-ch U17 Girls"]
[Site "Vukovar"]
[Date "2013.07.23"]
[Round "3"]
[White "Blazeka, Ivana"]
[Black "Ivekovic, Zvjezdana"]
[Result "1/2-1/2"]
[WhiteElo "1646"]
[BlackElo "1634"]
[PlyCount "90"]
[EventDate "2013.07.22"]
[EventType "swiss"]
[EventRounds "9"]
[EventCountry "CRO"]
[SourceTitle "EXT 2015"]
[Source "ChessBase"]
[SourceDate "2014.11.20"]
[SourceVersion "1"]
[SourceVersionDate "2014.11.20"]
[SourceQuality "1"]

1. e4 e5 2. Nf3 Nc6 3. Bc4 Nf6 4. d3 h6 5. c3 d5 6. Bb5 dxe4 7. Nxe5 Bd7 8. Nxc6 bxc6 9. Bc4 exd3 10. Qxd3 Bd6 11. Be3 0-0 12. Nd2 a5 13. Ne4 Bf5 14. Nxf6+ Qxf6 15. Qd2 Rad8 16. Qe2 Rfe8 17. 0-0 Qe5 18. g3 Bh3 19. Rfe1 Qf6 20. Qh5 Bf5 21. Bd4 Qg6 22. Qxg6 Bxg6 23. Kf1 Be4 24. Re3 Bd5 25. Bb3 Rxe3 26. Bxe3 Rb8 27. c4 Bf3 28. Bd4 Bb4 29. Bc2 Bd2 30. b3 Kf8 31. Be5 Rb7 32. Bd1 Be4 33. Ke2 Bb4 34. Rc1 f6 35. Bc3 Ba3 36. Ra1 Rb8 37. Kf1 Rd8 38. Be2 Bb4 39. Bxb4+ axb4 40. a3 Bc2 41. axb4 Bxb3 42. Ra7 Rd7 43. Ra6 Rd6 44. Ra7 Rd7 45. Ra6 Rd6 1/2-1/2

[Event "CRO-chT U16 Girls 7th"]
[Site "Nova Gradiska"]
[Date "2012.12.30"]
[Round "7.4"]
[White "Blazeka, Ivana"]
[Black "Spiranec, Noemi"]
[Result "1/2-1/2"]
[WhiteElo "1615"]
[BlackElo "1662"]
[PlyCount "70"]
[EventDate "2012.12.27"]
[EventType "team-tourn"]
[EventRounds "7"]
[EventCountry "CRO"]
[SourceTitle "EXT 2019"]
[Source "ChessBase"]
[SourceDate "2018.10.10"]
[SourceVersion "1"]
[SourceVersionDate "2018.10.10"]
[SourceQuality "1"]

1. e4 e6 2. d4 d5 3. exd5 exd5 4. Nc3 Nf6 5. Nf3 Bf5 6. Bf4 c6 7. Bd3 Bxd3 8. Qxd3 Bd6 9. Bxd6 Qxd6 10. Qe3+ Qe7 11. 0-0 Qxe3 12. fxe3 0-0 13. Rae1 Re8 14. Ne5 Nbd7 15. Nxd7 Nxd7 16. e4 dxe4 17. Nxe4 Re6 18. Nc5 Nxc5 19. dxc5 Rae8 20. Kf2 Kf8 21. Rxe6 Rxe6 22. Rd1 Ke7 23. Rd3 Re5 24. Rb3 Rxc5 25. Rxb7+ Ke6 26. c3 a5 27. Rb8 Ke7 28. Ke3 Re5+ 29. Kf2 Rd5 30. Ke2 Re5+ 31. Kf2 Rf5+ 32. Ke3 Re5+ 33. Kf2 Rf5+ 34. Ke3 Re5+ 35. Kf2 Rf5+ 1/2-1/2

[Event "CRO-chT U16 Girls 7th"]
[Site "Nova Gradiska"]
[Date "2012.12.28"]
[Round "4.2"]
[White "Blazeka, Ivana"]
[Black "Sardelic, Marina"]
[Result "1/2-1/2"]
[WhiteElo "1615"]
[BlackElo "1446"]
[PlyCount "133"]
[EventDate "2012.12.27"]
[EventType "team-tourn"]
[EventRounds "7"]
[EventCountry "CRO"]
[SourceTitle "EXT 2019"]
[Source "ChessBase"]
[SourceDate "2018.10.10"]
[SourceVersion "1"]
[SourceVersionDate "2018.10.10"]
[SourceQuality "1"]

1. e4 c5 2. Nf3 Nc6 3. d4 cxd4 4. Nxd4 Nf6 5. Nc3 g6 6. Be2 Bg7 7. Be3 d6 8. 0-0 0-0 9. f4 Bd7 10. Bf3 a6 11. Nb3 Rc8 12. Qe2 Qc7 13. Rad1 Rfe8 14. a3 Na5 15. Nxa5 Qxa5 16. e5 dxe5 17. fxe5 Qxe5 18. Bxb7 Rcd8 19. Bxa6 Bg4 20. Bf4 Qc5+ 21. Qf2 Qxf2+ 22. Rxf2 e5 23. Rb1 exf4 24. Rxf4 Bf5 25. Rf2 Ng4 26. Rf3 Bxc2 27. Rbf1 Nf6 28. b4 Bf5 29. b5 Bc8 30. Rxf6 Bxa6 31. bxa6 Bxf6 32. Rxf6 Re6 33. Rxe6 fxe6 34. a7 Ra8 35. Nb5 Kf7 36. Kf2 Ke7 37. Ke3 Kd7 38. Kd4 Kc6 39. a4 Rd8+ 40. Ke5 Kd7 41. h4 h5 42. g3 Rg8 43. Kf6 Re8 44. Ke5 Rf8 45. Nd4 Re8 46. Nb5 Rg8 47. Kf6 Re8 48. Ke5 Kc6 49. Nd4+ Kb6 50. Nxe6 Kxa7 51. Kf6 Kb6 52. Nf4 Rf8+ 53. Kxg6 Rg8+ 54. Kxh5 Rxg3 55. Kh6 Ka5 56. h5 Kxa4 57. Ng6 Rc3 58. Kg5 Rc5+ 59. Kh6 Kb5 60. Nf4 Rc6+ 61. Kg7 Rc7+ 62. Kg6 Rc6+ 63. Kg7 Kc5 64. h6 Rc7+ 65. Kg8 Rc8+ 66. Kg7 Rc7+ 67. Kg8 1/2-1/2

[Event "Valpovo op (Women) 15th"]
[Site "Valpovo"]
[Date "2012.12.08"]
[Round "3"]
[White "Blazeka, Ivana"]
[Black "Franciskovic, Borka"]
[Result "0-1"]
[WhiteElo "1615"]
[BlackElo "2230"]
[PlyCount "112"]
[EventDate "2012.12.07"]
[EventType "swiss (rapid)"]
[EventRounds "7"]
[EventCountry "CRO"]
[SourceTitle "CBM 151 Extra"]
[Source "ChessBase"]
[SourceDate "2012.12.18"]
[SourceVersion "1"]
[SourceVersionDate "2012.12.18"]
[SourceQuality "1"]

1. e4 c6 2. d4 d5 3. Nc3 dxe4 4. Nxe4 Bf5 5. Ng3 Bg6 6. Nf3 e6 7. Bd3 Nf6 8. 0-0 Be7 9. Re1 Nbd7 10. Ne5 Bxd3 11. Qxd3 Nxe5 12. Rxe5 Qc7 13. Re1 0-0 14. Bd2 Rad8 15. Be3 Rd7 16. c3 Rfd8 17. Ne4 c5 18. Qb1 Ng4 19. Ng3 Nxe3 20. fxe3 Bh4 21. Kf2 cxd4 22. cxd4 e5 23. Qe4 Bxg3+ 24. hxg3 exd4 25. exd4 g6 26. Rad1 Qb6 27. Re2 Rxd4 28. Rxd4 Qxd4+ 29. Qxd4 Rxd4 30. Re8+ Kg7 31. Ke3 Rd1 32. Rb8 Rd7 33. g4 Kf6 34. Kf4 Rd4+ 35. Kf3 Rb4 36. b3 Kg5 37. g3 Rb6 38. Ra8 a6 39. Rb8 h6 40. Rh8 Rf6+ 41. Kg2 Kxg4 42. Rxh6 Rc6 43. Rh4+ Kg5 44. Rb4 b6 45. a4 f5 46. Kf2 a5 47. Rb5 Kg4 48. Kg2 Rc2+ 49. Kf1 Kf3 50. Ke1 Rc6 51. b4 axb4 52. Rxb4 Kxg3 53. Rb3+ Kg4 54. Kf2 f4 55. Kg2 g5 56. Kf2 Rc2+ 0-1

[Event "Busevec op U20 Girls 11th"]
[Site "Busevec"]
[Date "2012.05.20"]
[Round "6"]
[White "Blazeka, Mihaela"]
[Black "Blazeka, Ivana"]
[Result "1-0"]
[WhiteElo "1777"]
[BlackElo "1636"]
[PlyCount "43"]
[EventDate "2012.05.19"]
[EventType "swiss (rapid)"]
[EventRounds "6"]
[EventCountry "CRO"]
[SourceTitle "EXT 2013"]
[Source "ChessBase"]
[SourceDate "2012.11.22"]
[SourceVersion "1"]
[SourceVersionDate "2012.11.22"]
[SourceQuality "1"]

1. e4 e5 2. Nf3 Nc6 3. Bc4 Bc5 4. c3 Nf6 5. d3 a6 6. h3 Ba7 7. Bb3 d6 8. Nbd2 0-0 9. 0-0 Be6 10. Bc2 Ne7 11. Re1 Ng6 12. Nf1 Re8 13. d4 c6 14. Be3 Qc7 15. Qe2 exd4 16. Bxd4 Bxd4 17. Nxd4 c5 18. Nxe6 Rxe6 19. Qd2 Qc6 20. Ng3 Rae8 21. Rad1 d5 22. f3 1-0

[Event "Busevec op U20 Girls 11th"]
[Site "Busevec"]
[Date "2012.05.20"]
[Round "5"]
[White "Detelic, Manuela"]
[Black "Blazeka, Ivana"]
[Result "0-1"]
[WhiteElo "1495"]
[BlackElo "1636"]
[PlyCount "122"]
[EventDate "2012.05.19"]
[EventType "swiss (rapid)"]
[EventRounds "6"]
[EventCountry "CRO"]
[SourceTitle "EXT 2013"]
[Source "ChessBase"]
[SourceDate "2012.11.22"]
[SourceVersion "1"]
[SourceVersionDate "2012.11.22"]
[SourceQuality "1"]

1. e4 e5 2. Nf3 Nc6 3. Bb5 a6 4. Ba4 Nf6 5. d3 b5 6. Bb3 Be7 7. 0-0 d6 8. c3 Na5 9. Bc2 c5 10. Re1 0-0 11. Nbd2 Qc7 12. Nf1 Nc6 13. h3 Bd7 14. Be3 Rab8 15. Ng3 h6 16. Nh2 Bd8 17. Rf1 Ne7 18. f4 exf4 19. Bxf4 Ng6 20. Be3 d5 21. Ne2 Re8 22. Nf4 Rb7 23. Nxg6 fxg6 24. Bf4 Qb6 25. Re1 c4+ 26. Be3 Qe6 27. Bd4 cxd3 28. Bxd3 dxe4 29. Bxf6 Qxf6 30. Bxe4 Bb6+ 31. Kh1 Bc6 32. Bxc6 Rxe1+ 33. Qxe1 Qxc6 34. Nf3 Bc7 35. Rd1 Rb8 36. Nd4 Qd6 37. Qe6+ Qxe6 38. Nxe6 Be5 39. Nc5 a5 40. Nd7 Rd8 41. Rd3 Bc7 42. Nc5 Rxd3 43. Nxd3 Bd6 44. a3 Kf7 45. Kg1 Ke6 46. Kf2 Kd5 47. Ke2 Kc4 48. Kd2 g5 49. Kc2 Bf4 50. b3+ Kd5 51. Nxf4+ gxf4 52. Kd3 g5 53. a4 bxa4 54. bxa4 h5 55. c4+ Kc5 56. Kc3 g4 57. hxg4 hxg4 58. Kd3 f3 59. gxf3 gxf3 60. Ke3 Kxc4 61. Kxf3 Kb3 0-1

[Event "Valpovo op (Women) 14th"]
[Site "Valpovo"]
[Date "2011.12.04"]
[Round "6"]
[White "Ivekovic, Tihana"]
[Black "Blazeka, Ivana"]
[Result "1-0"]
[WhiteElo "2045"]
[BlackElo "1650"]
[PlyCount "59"]
[EventDate "2011.12.02"]
[EventType "swiss (rapid)"]
[EventRounds "7"]
[EventCountry "CRO"]
[SourceTitle "EXT 2014"]
[Source "ChessBase"]
[SourceDate "2013.11.20"]
[SourceVersion "1"]
[SourceVersionDate "2013.11.20"]
[SourceQuality "1"]

1. e4 e5 2. Nf3 Nc6 3. Bb5 a6 4. Ba4 Nf6 5. 0-0 Be7 6. Re1 b5 7. Bb3 d6 8. c3 Na5 9. Bc2 c5 10. a4 Qc7 11. axb5 Bb7 12. bxa6 Rxa6 13. d3 0-0 14. Nbd2 Rfa8 15. Nf1 Nc6 16. Rxa6 Rxa6 17. Ne3 Nd8 18. Nf5 Ne6 19. Bb3 Bc8 20. Bc4 Ra7 21. Qe2 h6 22. N3h4 Nf8 23. Qf3 Bxf5 24. Nxf5 Ng6 25. h4 Bf8 26. Nxh6+ gxh6 27. Qxf6 Kh7 28. h5 Nh8 29. Qf5+ Kg7 30. Re3 1-0

[Event "CRO-ch U15 Girls"]
[Site "Rabac"]
[Date "2011.06.23"]
[Round "6"]
[White "Blazeka, Ivana"]
[Black "Turk, Tajana"]
[Result "0-1"]
[WhiteElo "1705"]
[BlackElo "1881"]
[PlyCount "82"]
[EventDate "2011.06.20"]
[EventType "tourn"]
[EventRounds "9"]
[EventCountry "CRO"]
[SourceTitle "CBM 143 Extra"]
[Source "ChessBase"]
[SourceDate "2011.08.29"]
[SourceVersion "1"]
[SourceVersionDate "2011.08.29"]
[SourceQuality "1"]

1. e4 c5 2. Nf3 e6 3. d4 cxd4 4. Nxd4 a6 5. Be2 Qc7 6. 0-0 Nf6 7. Nc3 Nc6 8. Be3 Bb4 9. f3 0-0 10. a3 Be7 11. Qd2 b5 12. Nxc6 dxc6 13. Bf2 Bd6 14. h3 Nh5 15. Bd3 Bf4 16. Qe1 Be5 17. Rb1 c5 18. Qe3 Bd4 19. Qd2 Be5 20. Qe3 c4 21. Be2 Rd8 22. Rfd1 Bb7 23. Rxd8+ Rxd8 24. Rd1 Rxd1+ 25. Bxd1 Qd7 26. Be2 h6 27. b3 Ng3 28. Bxg3 Bd4 29. Bf2 Bxe3 30. Bxe3 cxb3 31. cxb3 Qc7 32. Nd1 Qc2 33. Kf1 Qxb3 34. Bc5 a5 35. Ne3 Qc3 36. Ba7 Bc6 37. Kf2 Qxa3 38. Bd4 Qd6 39. Nc2 b4 40. Ke3 e5 41. Bb2 a4 0-1